Statistiche per Stati dell'Unione del Maghreb arabo

Clicka qui per fare il quiz!

Statistiche generali

  • Questo quiz è stato fatto 9 volte
  • Il punteggio medio è 5 su 5

Statistiche sulle risposte

Nazione% Corretto
Algeria
100%
Marocco
100%
Tunisia
100%
Libia
89%
Mauritania
78%

Distribuzione punteggi

Percentile per numero di risposta

Percentuale di utenti per punteggio

I tuoi punteggi nel tempo

Non hai fatto questo quiz